Top 20 Words Starting with W - Statistics

General Stats
  • This quiz has been taken 1,400 times
  • The average score is 13 of 20
Answer Stats
rank letters word % Correct
2 2 we
98%
10 4 when
94%
16 5 where
92%
11 3 who
92%
8 4 what
91%
1 3 was
90%
4 4 will
80%
7 4 were
76%
13 4 want
68%
6 5 which
64%
14 4 well
63%
3 4 with
59%
5 5 would
57%
12 3 way
55%
19 5 water
50%
9 4 work
40%
20 4 word
39%
18 4 week
36%
15 5 world
33%
17 5 woman
30%
No matching quizzes found
Score Distribution
Percent of People with Each Score
Percentile by Number Answered
Your Score History
You have not taken this quiz